000 00557nam a2200241Ia 4500
003 0100
008 130307s9999 xx 000 0 und d
020 _a9982071777
040 _cARRUPELIB
050 _aBL2470.Z3R27 2004
245 _aReligion and education in Zambia
260 _aNdola
260 _bMission Press
260 _c2004
300 _aviii
300 _b188p. 24 cm.
650 _aRELIGION
650 _bEvolution
650 _cSpecies, Origin of
650 _dNatural selection
700 _aCarmody, B. (ed.)
942 0 0 _03
999 _c96697
_d96697